| 000 | 00726nam a22002297a 4500 | ||
|---|---|---|---|
| 003 | 0 | ||
| 005 | 20251028115947.0 | ||
| 008 | 251028b xxu||||| |||| 00| 0 eng d | ||
| 020 | _a978-1-98467-953-6 | ||
| 050 |
_aG 156.5.F64 _b.T47 2023 |
||
| 110 | _a3G E-Learning | ||
| 245 |
_aFood and wine tourism / _c3G E-Learning. |
||
| 250 | _aSecond edition. | ||
| 260 |
_aNew York, NY : _b3G E-Learning LLC, _c2023. |
||
| 300 |
_axii, 403 pages : _bcolored illustrations ; _c26 cm. _e1 CD-ROM. |
||
| 504 | _aIncludes bibliographical references and index. | ||
| 650 | _aCulinary tourism. | ||
| 650 | _aWine tourism. | ||
| 650 |
_aFood industry and trade _xTourism. |
||
| 650 |
_aGastronomy _xEconomic aspects. |
||
| 942 |
_2lcc _cBK |
||
| 999 |
_c368374 _d368374 |
||